Online
Catalog

Propuesta de un plan estratégico para el movimiento cooperativo en Puerto Rico / (Record no. 2785)

MARC details
000 -CABECERA
campo de control de longitud fija 01054nam a2200265 a 4500
001 - NÚMERO DE CONTROL
campo de control 000002953
005 - FECHA Y HORA DE LA ÚLTIMA TRANSACCIÓN
campo de control 20200929150308.0
008 - DATOS DE LONGITUD FIJA--INFORMACIÓN GENERAL
campo de control de longitud fija 090706s2008 dr acd 000 0 spa d
020 ## - NÚMERO INTERNACIONAL ESTÁNDAR DEL LIBRO
Número Internacional Estándar del Libro 9789945162509
040 ## - FUENTE DE LA CATALOGACIÓN
Centro catalogador/agencia de origen DO-SdBNP
Lengua de catalogación spa
Centro/agencia transcriptor BNPHU
082 ## - NÚMERO DE LA CLASIFICACIÓN DECIMAL DEWEY
Número de clasificación 334.097295
Número de documento/Ítem P123p
100 1# - ENTRADA PRINCIPAL--NOMBRE DE PERSONA
Nombre de persona Padilla Rodríguez, Humberto
9 (RLIN) 9382
245 10 - MENCIÓN DE TÍTULO
Título Propuesta de un plan estratégico para el movimiento cooperativo en Puerto Rico /
Mención de responsabilidad, etc. Humberto Padilla Rodríguez ; prólogo Román M. Velasco González.
260 ## - PUBLICACIÓN, DISTRIBUCIÓN, ETC.
Lugar de publicación, distribución, etc. Santo Domingo :
Nombre del editor, distribuidor, etc. Búho,
Fecha de publicación, distribución, etc. 2008.
300 ## - DESCRIPCIÓN FÍSICA
Extensión 175 p. :
Otras características físicas il., gráfcs., retrs. ;
Dimensiones 23 cm.
500 ## - NOTA GENERAL
Nota general Incluye bibliografía y notas al pie de páginas.
504 ## - NOTA DE BIBLIOGRAFÍA, ETC.
Nota de bibliografía, etc. Bibliografía : p. 151-159
590 ## - NOTA LOCAL (RLIN)
Nota local Inventariado, 2018 /LP
650 #4 - PUNTO DE ACCESO ADICIONAL DE MATERIA--TÉRMINO DE MATERIA
Término de materia o nombre geográfico como elemento de entrada Planificación estratégica
9 (RLIN) 2433
650 #4 - PUNTO DE ACCESO ADICIONAL DE MATERIA--TÉRMINO DE MATERIA
Término de materia o nombre geográfico como elemento de entrada Administración de cooperativas
Subdivisión geográfica Puerto Rico
9 (RLIN) 9383
650 #4 - PUNTO DE ACCESO ADICIONAL DE MATERIA--TÉRMINO DE MATERIA
Término de materia o nombre geográfico como elemento de entrada Incentivos en la industria
9 (RLIN) 6535
650 #4 - PUNTO DE ACCESO ADICIONAL DE MATERIA--TÉRMINO DE MATERIA
Término de materia o nombre geográfico como elemento de entrada Cooperativismo
Subdivisión geográfica Puerto Rico
9 (RLIN) 9384
700 1# - PUNTO DE ACCESO ADICIONAL--NOMBRE DE PERSONA
Nombre de persona Velasco González, Román M.,
Término indicativo de función/relación pról.
9 (RLIN) 9385
910 ## - DATOS DE OPCIÓN DEL USUARIO (OCLC)
Datos de opción del usuario Validado. Control de calidad EMS
Holdings
Estado de retiro Estado de pérdida Restricciones de uso No para préstamo Código de colección Localización permanente Ubicación/localización actual Ubicación en estantería Fecha de adquisición Número de inventario Total de préstamos Signatura topográfica completa Código de barras Fecha visto por última vez Número de copia Precio válido a partir de Tipo de ítem Koha
        Dominicana de Servicio General General Depósito 06.07.2009 LF1   334.097295 P123p 2953-30 25.06.2020 e. 3 25.06.2020 Libro y Folleto Colección Dominicana de Servicio
        Dominicana de Servicio General General Depósito 28.04.2014 LF1   334.097295 P123p 2953-40 25.06.2020 e. 4 25.06.2020 Libro y Folleto Colección Dominicana de Servicio
      Excluido de préstamo Patrimonio Dominicano Patrimonio Dominicano Patrimonio Dominicano Depósito 06.07.2009 LF1   334.097295 P123p 2953-10 25.06.2020   25.06.2020 Libro y Folleto Colección Patrimonio Dominicano
      Excluido de préstamo Patrimonio Dominicano Patrimonio Dominicano Patrimonio Dominicano Depósito 06.07.2009 LF1   334.097295 P123p 2953-20 25.06.2020 e. 2 25.06.2020 Libro y Folleto Colección Patrimonio Dominicano

Powered by Koha